• 首页
  • 本馆介绍
  • 公告通知
  • 最新文献
  • 馆藏检索
  • 电子资源
  • 读者导购
  • 参考咨询
  • 我的图书馆
  • 登录
  • 详细信息显示
  • 放入我的书架
  • 预约/预借图书
  • 作者相关作品
  • 分类相关作品
  • 丛书相关作品
  • 出版社相关作品

书目信息

  • 表格格式
  • 工作单格式
  • 卡片格式
题名:
铃木大提琴教材
    
 
作者: 铃木镇一 编著 ;魏然 译
分册:  
出版信息: 北京   人民音乐出版社  2003
页数: 141页
开本: 30cm
丛书名:
单 册:
中图分类: J622.36
科图分类:
主题词: 大提琴--奏法--教材
电子资源:
ISBN: 7-103-02636-X
000 01570nam0 2200349 450
000 01533nam0 2200337 450
000 01429nam0 2200313 450
000 01375nam0 2200289 450
000 01371nam0 2200277 450
000 01334nam0 2200265 45
005 20070122171712.18
010    @a7-103-02636-X@dCNY32.00
100    @a20060829d2003 em y0chiy0120 ea
101 1  @achi@ajpn
102    @aCN@b110000
105    @ag z 000yy
200 1  @a铃木大提琴教材@ALing Mu Da Ti Qin Jiao Cai@dSuzuki cello school@e第一——八册@EDi Yi -- Ba Ce@f(日)铃木镇一编著@F(ri)ling mu zhen yi bian zhu@g魏然译@zeng
210    @a北京@c人民音乐出版社@d2003
215    @a141页@c乐谱@d30cm@e光盘1片
306    @a本书由美国Warner Bros.出版公司独家授权在中国大陆出版发行
307    @a附光盘一张
330    @a本书作者是日本著名音乐教育家,他创立的音乐教学法和编写的这套小提琴和大提琴教材在世界范围具有广泛的影响。本教材在20世纪70年代传入我国,对我国儿童音乐普及教育起到了很好的推动作用,其特点是从初级开始,通过一些人们熟悉的或著名的乐曲和曲调学习演奏技法,更适合儿童学习。本套教材由美国华纳兄弟公司独家授权人民音乐出版社在中国大陆出版发行。
510 1  @aSuzuki cello school@ecello part volume (1-8)@zeng
517 1  @a第一——八册@Adi yi——ba ce
606 0  @a大提琴@x奏法@j教材
690    @aJ622.36@v4
701  0 @a铃木镇一@Aling mu zhen yi@4编著
702  0 @a魏然@AWei Ran@4译
801  0 @aCN@b中图数据@c20070122
905    @a10447@dJ622.36@e159
    
    铃木大提琴教材=Suzuki cello school:第一——八册/(日)铃木镇一编著/魏然译.-北京:人民音乐出版社,2003
    141页:乐谱;30cm+光盘1片
    
    
    ISBN 7-103-02636-X:CNY32.00
    本书作者是日本著名音乐教育家,他创立的音乐教学法和编写的这套小提琴和大提琴教材在世界范围具有广泛的影响。本教材在20世纪70年代传入我国,对我国儿童音乐普及教育起到了很好的推动作用,其特点是从初级开始,通过一些人们熟悉的或著名的乐曲和曲调学习演奏技法,更适合儿童学习。本套教材由美国华纳兄弟公司独家授权人民音乐出版社在中国大陆出版发行。
●
相关链接 在E读中查询图书 在五车中查询图书 在当当中查询图书 在豆瓣中查询图书


正题名:铃木大提琴教材     索取号:J622.36/159         预约/预借

序号 登录号 条形码 馆藏地/架位号 状态 备注
1 0617753   206177536   第一样本阅览室/ [索取号:J622.36/159] 在馆    
2 0617754   206177545   第一借阅区/ [索取号:J622.36/159] 在馆    
3 0617755   206177554   第一借阅区/ [索取号:J622.36/159] 在馆    
唐山师范学院图书馆 欢迎您!
大连网信软件有限公司© 版权所有